00521nam a22001697a 450000500170000001000150001702000260003203500140005803700130007208200130008524500710009826000370016927000610020630000400026750000200030770000240032720171114114352.0 aENG-121383 a9788178243603c545.00 aEN-104915 bDBAD/PUB a297.0954 aIslam in South Asia :cedited by Barbara D. Metcalfbin practice / aRanikhetbPermanent Black c2012 aHimalayana, Mall Road, Ranikhet Cantt,bRanikhete263645 axxvii,474p.:c22cm(pbk)bill.(maps) a Includes index a Metcalf,Barbara D.